| 000 | 00933nam a22002297a 4500 | ||
|---|---|---|---|
| 999 |
_c9257 _d9257 |
||
| 003 | AR-CdUCM | ||
| 008 | 190327b ||||| |||| 00| 0 spa d | ||
| 040 |
_aMUNICIPALIDAD PROVINCIAL DEL CUSCO _cBIBLIOTECA MUNICIPAL DEL CUSCO |
||
| 082 |
_aC / 920.7 / _bG17 |
||
| 245 |
_aDR. Manuel Jesús Gamarra (magistrado, parlamentario y catedrático cuzqueño) : _bdos homenajes en el día del juez / |
||
| 260 |
_aCuzco : _bCultura Andina, _c1975. |
||
| 300 |
_a22 páginas ; _c21 cm. |
||
| 500 | _aProducción local. | ||
| 505 | _aContenido: Discurso pronunciado por el Dr. Juan Manuel Méndez, presidente de la Corte Superior de Justicia de Lambayeque, en la celebración del día del magistrado. | ||
| 650 |
_aJuristas - Biografías - Cusco - Perú _925342 |
||
| 650 |
_aDiscursos _91511 |
||
| 650 |
_aHomenaje _91697 |
||
| 650 |
_aJuristas _94914 |
||
| 650 |
_aProducción local _925343 |
||
| 942 |
_2ddc _cLIBROS |
||
| 945 | _alccs | ||